<?xml version="1.0" encoding="UTF-8"?>
<record
    xmlns:xsi="http://www.w3.org/2001/XMLSchema-instance"
    xsi:schemaLocation="http://www.loc.gov/MARC21/slim http://www.loc.gov/standards/marcxml/schema/MARC21slim.xsd"
    xmlns="http://www.loc.gov/MARC21/slim">

  <leader>04054cam a22004814i 4500</leader>
  <controlfield tag="003">PE-LiUPU</controlfield>
  <controlfield tag="005">20250731165419.0</controlfield>
  <controlfield tag="008">151217s2012    pe a   grm    000 0 spa d</controlfield>
  <datafield tag="035" ind1=" " ind2=" ">
    <subfield code="a">(Sirsi) a155549</subfield>
  </datafield>
  <datafield tag="040" ind1=" " ind2=" ">
    <subfield code="a">PE-LiUPU</subfield>
    <subfield code="b">spa</subfield>
    <subfield code="c">PE-LiUPU</subfield>
    <subfield code="e">rda</subfield>
  </datafield>
  <datafield tag="082" ind1="0" ind2="4">
    <subfield code="a">152.4</subfield>
    <subfield code="b">A78 T3</subfield>
  </datafield>
  <datafield tag="082" ind1="0" ind2="4">
    <subfield code="a">152.4086732</subfield>
    <subfield code="b">A78</subfield>
  </datafield>
  <datafield tag="099" ind1=" " ind2=" ">
    <subfield code="a">TA 3</subfield>
    <subfield code="b">A78 2012</subfield>
  </datafield>
  <datafield tag="100" ind1="1" ind2=" ">
    <subfield code="a">Arteta Sandoval, Pamela</subfield>
    <subfield code="e">autor</subfield>
  </datafield>
  <datafield tag="245" ind1="1" ind2=" ">
    <subfield code="a">Relaci&#xF3;n entre inteligencia emocional y el desempe&#xF1;o laboral del personal de la Misi&#xF3;n Peruana del Sur de la IASD, Agosto - diciembre 2011 /</subfield>
    <subfield code="c">Pamela Arteta Sandoval.</subfield>
  </datafield>
  <datafield tag="264" ind1=" " ind2="0">
    <subfield code="c">2012</subfield>
  </datafield>
  <datafield tag="300" ind1=" " ind2=" ">
    <subfield code="a">119 hojas : </subfield>
    <subfield code="b">ilustraciones;</subfield>
    <subfield code="c">30 cm</subfield>
  </datafield>
  <datafield tag="336" ind1=" " ind2=" ">
    <subfield code="a">text</subfield>
    <subfield code="2">rdacontent</subfield>
  </datafield>
  <datafield tag="337" ind1=" " ind2=" ">
    <subfield code="a">unmediated</subfield>
    <subfield code="2">rdamedia</subfield>
  </datafield>
  <datafield tag="338" ind1=" " ind2=" ">
    <subfield code="a">volume</subfield>
    <subfield code="2">rdacarrier</subfield>
  </datafield>
  <datafield tag="502" ind1=" " ind2=" ">
    <subfield code="a">Tesis</subfield>
    <subfield code="b">(Mg.) -- </subfield>
    <subfield code="c">Universidad Peruana Uni&#xF3;n,</subfield>
    <subfield code="d">2012.</subfield>
  </datafield>
  <datafield tag="504" ind1=" " ind2=" ">
    <subfield code="a">Incluye referencias</subfield>
  </datafield>
  <datafield tag="520" ind1="3" ind2=" ">
    <subfield code="a">La presente investigaci&#xF3;n tiene por objetivo determinar c&#xF3;mo influye la inteligencia emocional en el desempe&#xF1;o laboral del personal de la Misi&#xF3;n Peruana del Sur de la IASD, agosto- diciembre 2011. El tipo de estudio es descriptivo-explicativo y transversal. La investigaci&#xF3;n es no experimental porque no se manipulan las variables de estudio, describe y explica tal cual est&#xE1;n en el campo de estudio. Se utiliz&#xF3; el muestreo no probabil&#xED;stico con una muestra de 48 personas que trabajan en la Misi&#xF3;n Peruana del Sur, bajo la modalidad de personal contratado y misionero. Las unidades de an&#xE1;lisis se identificaron de manera intencional, considerando el criterio de inclusi&#xF3;n. Las unidades de an&#xE1;lisis se identificaron de manera intencional, considerando el criterio de inclusi&#xF3;n. La t&#xE9;cnica de recolecci&#xF3;n de datos fue la entrevista y el instrumento utilizado, el cuestionario. Para la variable inteligencia emocional de utilizo el test Bar-On, porque es considerado por los psic&#xF3;logos como una de las pruebas m&#xE1;s puntuales para saber las competencias que poseen las personas. Para la variable desempe&#xF1;o laboral, se utiliz&#xF3; el cuestionario de evaluaci&#xF3;n, seg&#xFA;n el m&#xE9;todo de escalas graficas propuestas por Chiavenato. Los resultados muestran que el personal de la Misi&#xF3;n Peruana del Sur tiene una inteligencia emocional promedio con puntaje de 92.32 evidenciado en las cocientes emocionales CERA (82.30), CEER (125.95), CEAD (79.31), CEMT (87.07) y CEAG (86.95). En cuanto al desempe&#xF1;o laboral, la administraci&#xF3;n de la MPS calific&#xF3; a su personal de muy bueno (62.50%) y excelente (31.25%).  Asimismo, se encontr&#xF3; que existe correlaci&#xF3;n positiva media entre el CERA de la inteligencia emocional y el desempe&#xF1;o laboral de r=.313 y una significancia de p=.030 correlaci&#xF3;n positiva media entre el CEER de la inteligencia emocional y el desempe&#xF1;o laboral de r=.327 y una significancia de p=.023 con una correlaci&#xF3;n negativa d&#xE9;bil entre el CEAD de la inteligencia emocional y el desempe&#xF1;o laboral r= -.111 y una significancia de p=.454 correlaci&#xF3;n  positiva media entre el CEMT de la inteligencia emocional y el desempe&#xF1;o laboral de r=.187 y una significancia de p=.202; correlaci&#xF3;n positiva media entre el CEAG de la inteligencia emocional y el desempe&#xF1;o laboral de r=.276 y una significancia de p=.05; finalmente se encontr&#xF3; una correlaci&#xF3;n positiva media entre la inteligencia emocional y el desempe&#xF1;o laboral de r=.313 y una significancia de p=.030 respectivamente lo que demuestra la relaci&#xF3;n entre dichas variables.</subfield>
  </datafield>
  <datafield tag="526" ind1=" " ind2=" ">
    <subfield code="a">SEG44</subfield>
  </datafield>
  <datafield tag="526" ind1=" " ind2=" ">
    <subfield code="a">SEG26</subfield>
  </datafield>
  <datafield tag="526" ind1=" " ind2=" ">
    <subfield code="a">P151</subfield>
  </datafield>
  <datafield tag="526" ind1=" " ind2=" ">
    <subfield code="a">P150</subfield>
  </datafield>
  <datafield tag="526" ind1=" " ind2=" ">
    <subfield code="a">P149</subfield>
  </datafield>
  <datafield tag="526" ind1=" " ind2=" ">
    <subfield code="a">P146</subfield>
  </datafield>
  <datafield tag="526" ind1=" " ind2=" ">
    <subfield code="a">P145</subfield>
  </datafield>
  <datafield tag="526" ind1=" " ind2=" ">
    <subfield code="a">P126</subfield>
  </datafield>
  <datafield tag="526" ind1=" " ind2=" ">
    <subfield code="a">P125</subfield>
  </datafield>
  <datafield tag="526" ind1=" " ind2=" ">
    <subfield code="a">P92</subfield>
  </datafield>
  <datafield tag="526" ind1=" " ind2=" ">
    <subfield code="a">P75</subfield>
  </datafield>
  <datafield tag="526" ind1=" " ind2=" ">
    <subfield code="a">P74</subfield>
  </datafield>
  <datafield tag="526" ind1=" " ind2=" ">
    <subfield code="a">P27</subfield>
  </datafield>
  <datafield tag="526" ind1=" " ind2=" ">
    <subfield code="a">P15</subfield>
  </datafield>
  <datafield tag="650" ind1="0" ind2="4">
    <subfield code="a">Inteligencia emocional</subfield>
    <subfield code="x">Trabajo</subfield>
    <subfield code="v">Tesis.</subfield>
  </datafield>
  <datafield tag="610" ind1="2" ind2=" ">
    <subfield code="a">Adventistas del S&#xE9;ptimo D&#xED;a</subfield>
    <subfield code="x">Inteligencia emocional</subfield>
    <subfield code="v">Tesis.</subfield>
  </datafield>
  <datafield tag="596" ind1=" " ind2=" ">
    <subfield code="a">1</subfield>
  </datafield>
  <datafield tag="942" ind1=" " ind2=" ">
    <subfield code="2">ddc</subfield>
    <subfield code="c">TESIS</subfield>
  </datafield>
  <datafield tag="999" ind1=" " ind2=" ">
    <subfield code="a">TA 3 A78 2012</subfield>
    <subfield code="w">ALPHANUM</subfield>
    <subfield code="c">8224</subfield>
    <subfield code="i">T01301</subfield>
    <subfield code="l">CCODEBUL3</subfield>
    <subfield code="m">BUL</subfield>
    <subfield code="r">1</subfield>
    <subfield code="s">Y</subfield>
    <subfield code="t">TESIS</subfield>
    <subfield code="u">2015-12-17</subfield>
    <subfield code="x">POSGRADO</subfield>
    <subfield code="P">P47</subfield>
    <subfield code="o">.STAFF. Tesis</subfield>
    <subfield code="d">8224</subfield>
  </datafield>
  <datafield tag="980" ind1=" " ind2=" ">
    <subfield code="8">1</subfield>
    <subfield code="g">ALBERTO SANCHEZ Responsable de Automatizaci&#xF3;n</subfield>
  </datafield>
  <datafield tag="952" ind1=" " ind2=" ">
    <subfield code="r">2023-05-23 00:00:00</subfield>
    <subfield code="l">0</subfield>
    <subfield code="o">TA 3 A78 2012</subfield>
    <subfield code="p">T01301</subfield>
    <subfield code="t">e1</subfield>
    <subfield code="w">2015-12-17</subfield>
    <subfield code="x">PG</subfield>
    <subfield code="y">TESIS</subfield>
    <subfield code="z">Este &#xCD;tem NO se presta por ser Ejemplar #1.</subfield>
    <subfield code="1">0</subfield>
    <subfield code="2">ddc</subfield>
    <subfield code="7">1</subfield>
    <subfield code="8">TESIS</subfield>
    <subfield code="f">P47</subfield>
    <subfield code="a">BUL</subfield>
    <subfield code="b">BUL</subfield>
    <subfield code="c">TESIS</subfield>
    <subfield code="d">2015-12-17</subfield>
  </datafield>
</record>
